JO 2024 - Top 20 tableau des médailles - Statistiques

Statistiques générales
  • Ce quiz a été pris 691 fois
  • Le résultat moyen est 15 sur 20
Statistiques - réponses
Pays % Correct
Etats-Unis
100%
France
100%
Chine
99%
Japon
97%
Espagne
93%
Australie
92%
Grande-Bretagne
92%
Allemagne
91%
Italie
89%
Canada
86%
Brésil
85%
Corée du Sud
76%
Suède
74%
Pays-Bas
73%
Norvège
69%
Nouvelle-Zélande
58%
Irlande
42%
Kenya
39%
Hongrie
38%
Ouzbékistan
23%
Aucun quiz correspondant
Distribution des résultats
% des personnes avec chaque résultat
Percentile par nombre de réponses
Votre historique - résultats
Vous n’avez pas pris ce quiz